Teoría y problemas de probabilidad

Sparad:
Bibliografiska uppgifter
Huvudupphovsmän: Lipschutz, Seymour (autor), Lars Lipson, Marc (Författare, medförfattare)
Materialtyp: Bok
Språk:spanska
Publicerad: Bogotá McGraw Hill 2001
Upplaga:2a. ed
Serie:Schaum
Ämnen:
Taggar: Lägg till en tagg
Inga taggar, Lägg till första taggen!

MARC

LEADER 00000nam a2200000 a 4500
001 UCN9629
003 CL-VaPUC
005 20240930150659.0
008 011221e20010000CK |||||||||||||||||spa|d
999 |c 298929  |d 298927 
020 |a 958410134X 
040 |c Pontificia Universidad Católica de Valparaíso 
082 0 4 |a 519.2  |b LIP  |2 21 
100 |a Lipschutz, Seymour  |e autor  |9 604228 
245 1 0 |a Teoría y problemas de probabilidad 
250 |a 2a. ed 
260 |a Bogotá  |b McGraw Hill  |c 2001 
300 |a 324 p 
490 0 |a Schaum 
583 |a last modification  |c 20011221 00:00:00  |k Rodrigo Vera 
650 0 |a Probabilidades   |9 260199 
650 0 |a Distribución (Teoría de probabilidades)  |9 885830 
650 0 |a Procesos de Markov  |9 270451 
700 0 |a Lars Lipson, Marc  |e author  |9 466192 
942 |c BK  |2 ddc 
945 |d 20011221 00:00:00  |a vberengu 
952 |0 0  |1 0  |4 0  |6 519_200000000000000_LIP_2001  |7 0  |8 R  |9 354968  |a BIBGIM  |b BIBGIM  |d 2019-11-21  |i 3784827  |o 519.2 LIP 2001  |p 3784827  |r 2025-01-15  |w 2019-11-21  |y BK_R  |k EST 
952 |0 0  |1 0  |4 0  |6 519_200000000000000_LIP_2001  |7 0  |8 R  |9 354969  |a BIBENE  |b BIBENE  |d 2019-11-21  |i 4021975  |o 519.2 LIP 2001  |p 4021975  |r 2025-01-15  |w 2019-11-21  |y BK_R  |k ICO 
952 |0 0  |1 0  |4 0  |6 519_200000000000000_LIP_2001  |7 0  |8 R  |9 354970  |a BIBENE  |b BIBENE  |d 2019-11-21  |i 4021983  |o 519.2 LIP 2001  |p 4021983  |r 2025-01-15  |w 2019-11-21  |y BK_R  |k ICO 
952 |0 0  |1 0  |4 0  |6 519_200000000000000_LIP_2001  |7 0  |8 R  |9 354971  |a BIBENE  |b BIBENE  |d 2019-11-21  |i 4021991  |l 2  |m 2  |o 519.2 LIP 2001  |p 4021991  |r 2025-01-15  |s 2023-03-20  |w 2019-11-21  |y BK_R  |k ICO 
952 |0 0  |1 0  |4 0  |6 519_200000000000000_LIP_2001  |7 0  |8 R  |9 354972  |a BIBENE  |b BIBENE  |d 2019-11-21  |i 4022009  |o 519.2 LIP 2001  |p 4022009  |r 2025-01-15  |w 2019-11-21  |y BK_R  |k ICO